000 00890cab a2200217 4500
001 ABS39219
008 090401t1988 xxu||||| |||| 00| 0 eng d
035 _a(Sirsi) u15173
041 _aeng
100 _aBright, S.
245 _aEstate rentcharges and the enforcement of positive covenants
260 _c1988
350 _a0
490 _aConveyancer & Property Lawyer
_vMarch/April 1988, 99-107(9)
520 _aLooks at the covenants affecting freehold land , putting forward the arguments for a need for change to enable the burden of both positive and negative covenants to run with the land, the use of rentcharges including estate rentcharges. Also examines the remedies available to the rent owner for breaches of covenant.
650 _aBREACH OF COVENANT
650 _aRESTRICTIVE COVENANTS
690 _aPROPERTY LAW AND PRACTICE
942 _n0
948 _c04/03/1997
999 _c9921
_d9921